000 00554nam a2200169Ia 4500
003 GCL
008 140319s9999 xx 000 0 ara d
040 _aGCL /
_cGCL
082 0 4 _a323.4
_bع ح
100 1 _aعزت سعد السيد البرعى
245 1 0 _aحماية حقوق الانسان فى ظل التنظيم الدولى الاقليمى /
_cعزت سعد السيد البرعى
260 _a[S.N] :
_bفؤاد هاشم الكتبى ،
_c1985
300 _a946 ص
490 _a
650 0 4 _aحقوق الانسان
942 _2ddc
_cBK
999 _c50948
_d50948